000
00275nam a22001097a 4500
008
240610b |||||||| |||| 00| 0 eng d
100
_a
Vaswani, Satichand
_9
15208
245
_a
Bharat Jone Daryon
260
_a
Ajmer:
_b
Knurmal Sahitya;
_c
1968.
300
_a
151p.
942
_c
BK
999
_c
39457
_d
39457